000 01090cam a22003257a 4500
003 CHAP
005 20220329135703.0
008 971013s1959 r 00010 d
010 _a40594
011 _a41566
035 _a45692
040 _cCHAP
090 _aTesis
100 0 0 _aFlores García, Manuel.
_941548
245 0 _aAnálisis de la situación forestal en el estado de Tamaulipas y sugestiones generales para su mejoramiento y aprovechamiento
260 _a(s.l.) :
_b(s.e.),
_c1959
300 _a113 p.
_b: ilus.
502 _aTesis (Ing. Agr. Esp. en Bosques) -- ENA.
590 _aALEPH
_b10
_c20130110
_lUCH01
_h1309
590 _aBATCH-UPD
_b10
_c20130110
_lUCH01
_h1742
590 _aBATCH-UPD
_b10
_c20130410
_lUCH01
_h1121
590 _aBATCH-UPD
_b10
_c20130914
_lUCH01
_h0712
590 _aCONVERSION
_b10
_c20130109
_lUCH01
_h1322
650 1 4 _aBosques
_xAdministración
_xTamaulipas.
_914029
650 1 4 _aBosques
_xTamaulipas.
_914397
901 _aBK
942 _cFOLL
949 _bBC
_cTES
_d-104332
_eTS1
_i45692
_si
949 _bBC
_cTES
_d-104333
_eTS2
_fc.2
_i45692
_si
999 _c40594
_d40594